000 00464nam a2200169Ia 4500
008 240729s9999 xx 000 0 und d
022 _a2090-0570
245 0 _aEgyptian Poultry Science
260 _aEgypt
260 _bThe Egyptian Poultry Science Association
650 _a Animal culture
650 _a Veterinary medicine
650 _aAgriculture
856 _uhttps://doaj.org/toc/d95df718234f4706b83524ef225785c4
942 _2ddc
942 _cDOAJEJ
999 _c74905
_d74905
945 _a1
_bMadushi Gamage
_c1
_dMadushi Gamage